Responses for Show #7229 - Thursday, February 4, 2016

2016 College Championship quarterfinal game 4.

Contestants

[<< previous game]

Gus Woythaler, a senior at Stanford University from Encino, California

Hannah Norem, a sophomore from Augustana University from Houston, Texas

Sarah Dubnik, a senior at the University of Pittsburgh from Jamison, Pennsylvania

[next game >>]

Jeopardy! Round responses

STARBUCK'S ORDERS
TALL
SOY
HALF CALF
WITH FOAM
ADD A SHOT
    $200 1
Ishmael

Sarah
    $200 10
Michelle Obama

Gus
    $200 16
a fireman

Sarah
    $200 4
a side

Hannah
    $200 26
Australia

Sarah
    $200 21
chickenpox

Sarah
    $400 2
blubber

Gus
    $400 11
Jane Lynch

Hannah
    $400 17
a nurse

Sarah
    $400 5
the Minotaur

Sarah
    $400 27
the Red Sea

Sarah
    $400 22
hepatitis

Sarah
    $600 3
a big squid

Triple Stumper
    $600 12
Jim Carrey

Gus
    $600 18
a loser

Gus
    $600 6
formaldehyde

Gus
    $3,400 28
the Caribbean Sea

Sarah
    $600 23
migraines

Sarah
    $800 9
the Pequod

Sarah
    $800 14
Joel McHale

Gus
    $800 19
a nun

Sarah
    $800 7
(Stephen) Sondheim

Gus
    $800 29
the Arctic Ocean

Hannah
    $800 24
epinephrine

Gus
    $1000 13
(Hannah: What is a hurricane?)

a typhoon

Hannah
Triple Stumper
    $1000 15
Tilda Swinton

Triple Stumper
    $1000 20
a sailor

Gus
    $1000 8
Ovid

Gus
    $1000 30
the Adriatic Sea

Gus
    $1000 25
anemia

Hannah

Scores at the first commercial break (after clue 15):

Sarah Hannah Gus
$1,400 -$400 $4,400

Scores at the end of the Jeopardy! Round:

Sarah Hannah Gus
$8,000 $1,400 $7,800

Double Jeopardy! Round responses

OTTOMAN HISTORY
ELEMENTAL SYMBOLS
FICTIONAL WORLDS
STARTS & ENDS WITH K
ALL ABOUT NUMBERS
WALL-TO-WALL
    $400 14
the Crimean War

Gus
    $400 1
nitrogen & oxygen

Gus
    $400 9
(Hannah: What is Call of Duty?)

Halo

HannahGus
    $400 6
a kink

Gus
    $400 19
four score and seven (87)

Gus
    $400 24
a rock-climbing wall

Gus
    $800 15
Napoleon

Hannah
    $800 2
(Alex: [To Gus, from Stanford] Yes. Discovered at Berkeley.)

californium

Gus
    $800 10
Avatar

Gus
    $800 7
a knick-knack

Sarah
    $800 20
Ireland

Hannah
    $800 25
the Berlin Wall

Gus
    $1200 16
Venice

Gus
    $4,000 3
(Alex: [Again to Gus, from Stanford] Yes. Also discovered at Berkeley.)

berkelium

Gus
    $1200 11
Dungeons & Dragons

Gus
    $1200 8
kinfolk

Triple Stumper
    $1200 21
(Sarah: What is... a jury?)
(Alex: Be more specific?)
(Sarah: Um... uh... I don't know.)

a grand jury

SarahHannah
    $1200 26
the Western Wall

Hannah
    $1600 29
(Hannah: Who is Kubla Khan?)

Tamerlane (Timur the Lame)

Hannah
Triple Stumper
    $1600 4
ruthenium

Hannah
    $1600 12
(Hannah: What is Naboo?)

Tatooine

HannahGus
    $1600 17
(Stanley) Kubrick

Sarah
    $1600 22
The 1,001 Nights

Sarah
    $1600 27
the Vietnam Veterans Memorial

Sarah
    $2000 30
(Gus: What is the Hellespont?)

Gallipoli

Gus
Triple Stumper
    $2000 5
promethium

Hannah
    $2000 13
Warcraft

Gus
    $2000 18
Karnak

Triple Stumper
    $2000 23
Route 66

Hannah
    $3,600 28
Hadrian's Wall

Sarah

Scores at the end of the Double Jeopardy! Round:

Sarah Hannah Gus
$16,000 $7,400 $20,600

Final Jeopardy! Round responses

19th CENTURY BOOKS
(Alex: [To Sarah] The addition of "the" makes it incorrect. Boo, hiss, I know.)
HannahWhat is The Origin of Species?
$7,000
SarahWhat is the Origin of the Species?
$1,199
GusWhat is On The Origin of Species?
$1,622
The Origin of Species (by Charles Darwin)

Final scores:

Sarah Hannah Gus
$14,801 $14,400 $22,222
2nd place: $5,000 if eliminated 3rd place: $5,000 if eliminated Automatic semifinalist

Game dynamics:

Coryat scores:

Sarah Hannah Gus
$11,600 $7,400 $17,800
17 R
(including 2 DDs),
1 W
11 R,
4 W
25 R
(including 1 DD),
1 W

Combined Coryat: $36,800

[game clues] [game scores] [suggest correction]

Game tape date: 2016-01-05
The J! Archive is created by fans, for fans. Scraping, republication, monetization, and malicious use prohibited; this site may use cookies and collect identifying information. See terms. The Jeopardy! game show and all elements thereof, including but not limited to copyright and trademark thereto, are the property of Jeopardy Productions, Inc. and are protected under law. This website is not affiliated with, sponsored by, or operated by Jeopardy Productions, Inc. Join the discussion at JBoard.tv.